Cavite, Subig y Olongapó (Record no. 68506)
[ view plain ]
| 000 -LEADER | |
|---|---|
| campo de control de longitud fija | 00503nam a22001575i 4500 |
| 001 - NÚMERO DE CONTROL | |
| campo de control | 68506 |
| 003 - IDENTIFICADOR DE NÚMERO DE CONTROL | |
| campo de control | ES-MaACL |
| 007 - CAMPO FIJO DE DESCRIPCIÓN FÍSICA--INFORMACIÓN GENERAL | |
| campo de control de longitud fija | t| |
| 008 - DATOS DE LONGITUD FIJA--INFORMACIÓN GENERAL | |
| campo de control de longitud fija | 960807s1891 phl ||||1| spa d |
| 040 ## - FUENTE DE CATALOGACIÓN | |
| Centro catalogador/agencia de origen | CAM |
| Lengua de catalogación | spa |
| Centro/agencia transcriptor | CAM |
| 100 1# - ENTRADA PRINCIPAL--NOMBRE DE PERSONA | |
| Nombre de persona | Garin y Sociats, Arturo. |
| 9 (RLIN) | 55563 |
| 245 10 - MENCIÓN DEL TÍTULO | |
| Título | Cavite, Subig y Olongapó |
| Resto del título | : memoria / |
| Mención de responsabilidad, etc. | por Arturo Garin y Olongapó. |
| 260 ## - PUBLICACIÓN, DISTRIBUCIÓN, ETC. | |
| Lugar de publicación, distribución, etc. | Manila : |
| Nombre del editor, distribuidor, etc. | [s.n.], |
| Fecha de publicación, distribución, etc. | 1891 ( |
| Fabricante | Estab. tipo-litog. de Ramirez y Compañía) |
| 300 ## - DESCRIPCIÓN FÍSICA | |
| Extensión | 176 p., [1] h. de fot. ; |
| Dimensiones | 21 cm. |
| 852 ## - LOCALIZACIÓN | |
| Ubicación | ES-MaACL |
| Número de control de estantería | G-14104 |
| Estatus retirado | Estado de pérdida | Estado de daño | No para préstamo | Colección | Biblioteca de origen | Biblioteca actual | Ubicación en estantería | Fecha de adquisición | Fuente de adquisición | Total de préstamos | Signatura topográfica completa | Código de barras | Visto por última vez | Precio de reemplazo | Tipo de ítem Koha |
|---|---|---|---|---|---|---|---|---|---|---|---|---|---|---|---|
| Libros del s. XIX | Biblioteca del Ateneo de Madrid | Biblioteca del Ateneo de Madrid | Sala Pecera Planta 3 | 17/01/2008 | G-14104 | 1071714 | 23/02/2023 | 23/02/2023 | Libro impreso antiguo |
